Finančné požiadavky na zabezpečenie informačnej bezpečnosti vybraného podniku diplomová práca

Guardado en:
Detalles Bibliográficos
Autor principal: Kontura, Denis
Autor Corporativo: Fakulta podnikového manažmentu EU. Katedra informačného manažmentu
Otros Autores: Bolek, Vladimír, 1988-
Formato: Libro
Lenguaje:eslovaco
Publicado: Bratislava 2021
Etiquetas: Agregar Etiqueta
Sin Etiquetas, Sea el primero en etiquetar este registro!

MARC

LEADER 00000nbm a2200000 4500
001 0275866
005 20211123090920.5
041 0 |a slo 
044 |a SK 
245 1 0 |a Finančné požiadavky na zabezpečenie informačnej bezpečnosti vybraného podniku  |b diplomová práca  |c Denis Kontura ; školiteľ: Vladimír Bolek 
264 1 |a Bratislava  |c 2021 
300 |a 78 s. 
100 1 |a Kontura, Denis 
700 1 |a Bolek, Vladimír, 1988- 
710 2 |a Fakulta podnikového manažmentu EU. Katedra informačného manažmentu